6 States That Border Pennsylvania Quiz Stats

 Plays Quiz Updated May 18, 2015

Challenge
Share
Tweet
Embed
Score 0/6 Timer 01:00
0 Plays Today
% Correct
New York
95.3%
Ohio
89.7%
New Jersey
86.3%
West Virginia
82.9%
Maryland
78.3%
Delaware
65.8%

You're not logged in!

Compare scores with friends on all Sporcle quizzes.
Join for Free
OR
Log In

You Might Also Like...

Show Comments

Extras

Top Quizzes Today


Score Distribution

Your Account Isn't Verified!

In order to create a playlist on Sporcle, you need to verify the email address you used during registration. Go to your Sporcle Settings to finish the process.

Report this User

Report this user for behavior that violates our Community Guidelines.

Details: